000 01501cam a2200445 a 4500
001 8482
003 FISKH
005 20250915141453.0
008 980904s1999 nyua j 000 1 eng
010 _a 98042049
020 _a0590521616
_qpbk.
020 _a0590521608
_qhc
020 _a9780590521611
_q(pbk.)
020 _a9780590521604
_q(hc)
020 _a9780590521611
040 _aDLC
_cDLC
_dDLC
_beng
050 0 0 _aPZ7.C8185
_bBi 1999
082 _a303
100 1 _aCosby, Bill,
_d1937-
245 1 0 _aMy big lie /
_cby Bill Cosby ; illustrated by Varnette P. Honeywood ; introduction by Alvin F. Poussaint.
260 _aNew York :
_bScholastic,
_c1999.
300 _a32 unnumbered pages :
_bcolor illustrations ;
_c23 cm
336 _atext
_btxt
_2rdacontent
337 _aunmediated
_bn
_2rdamedia
338 _avolume
_bnc
_2rdacarrier
490 1 _aLittle Bill books for beginning readers
500 _a"Cartwheel books."
505 _aK
520 _aLittle Bill gets in big trouble when he tells a fib to explain why he has come home late for dinner.
521 8 _a510
_bLexile
521 8 _aK
_bRaz-Plus
650 1 _aHonesty
_vFiction.
650 1 _aTardiness
_vFiction.
650 1 _aAfrican Americans
_vFiction.
655 7 _aFiction.
_2lcgft
_0https://id.loc.gov/authorities/genreForms/gf2014026339
700 1 _aHoneywood, Varnette P.,
_eillustrator
906 _a7
_bcbc
_corignew
_d1
_eocip
_f19
_gy-gencatlg
942 _2ddc
_cBK
_n0
999 _c8482
_d8482